000 00616nam a2200241 a 4500
001 nice12345678
003 IN_TiNIC
005 20260116012208.0
008 050524s0000 lona grp 000 0 eng
020 _a
_c100
082 0 0 _a239
_bAUG
100 _aAugustine, S
245 _aConfessions of St. Augustine Book 1 to 10.
260 _aLondon-New York
_bGeorge Routledge and Sons
_c0000
300 _a227p
500 _aincludes index and biblioraphy
505 2 _aAppendix
650 _aSaints-Christianity-St.Augustine
700 1 _aAugustine, S
902 _bSRS
942 _cBK
999 _c6031
_d6031